Faculty of Law Library — Cairo University

Official Online Catalog

Parliament Through Seven Centuries : (Record no. 59519)

MARC details
000 -LEADER
fixed length control field 01106nam a2200325 i 4500
003 - CONTROL NUMBER IDENTIFIER
control field EG-GICUC
005 - DATE AND TIME OF LATEST TRANSACTION
control field 20260126185012.0
008 - FIXED-LENGTH DATA ELEMENTS--GENERAL INFORMATION
fixed length control field 260126s1962 -uk |fr|||| 001 0 eng d
040 ## - CATALOGING SOURCE
Original cataloging agency EG-GiCUC
Language of cataloging eng
Transcribing agency EG-GiCUC
Modifying agency EG-GiCUC
Description conventions rda
041 0# - LANGUAGE CODE
Language code of text/sound track or separate title eng
082 04 - DEWEY DECIMAL CLASSIFICATION NUMBER
Edition number 21
Classification number 341.9
Item number AS . P
092 04 - LOCALLY ASSIGNED DEWEY CALL NUMBER (OCLC)
Edition number 21
099 ## - LOCAL FREE-TEXT CALL NUMBER (OCLC)
Classification number Law1 12 341.9 AS . P 1962
100 1# - MAIN ENTRY--PERSONAL NAME
Personal name Aspinall, A.
Relator term Author.
245 04 - TITLE STATEMENT
Title Parliament Through Seven Centuries :
Remainder of title Reading And Its M.p.5 /
Statement of responsibility, etc. By A. Aspinall, Barbara Dodwell, M. D. Lambert , C. F. Slade, E. A. Smith.
264 #1 - PRODUCTION, PUBLICATION, DISTRIBUTION, MANUFACTURE, AND COPYRIGHT NOTICE
Place of production, publication, distribution, manufacture London :
Name of producer, publisher, distributor, manufacturer The Hansard Society,
Date of production, publication, distribution, manufacture, or copyright notice 1962.
300 ## - PHYSICAL DESCRIPTION
Extent 126 pages,
Dimensions 24 cm
336 ## - CONTENT TYPE
Source rda content
Content type term text
337 ## - MEDIA TYPE
Source rda media
Media type term Computer
338 ## - CARRIER TYPE
Source rda carrier
Carrier type term Online Resource
546 ## - LANGUAGE NOTE
Language note Text in English
650 14 - SUBJECT ADDED ENTRY--TOPICAL TERM
Topical term or geographic name entry element Private international law
700 1# - ADDED ENTRY--PERSONAL NAME
Personal name Dodwell , Barbara
Relator term joint author.
700 1# - ADDED ENTRY--PERSONAL NAME
Personal name Lambert , M. D.
Relator term joint author.
700 1# - ADDED ENTRY--PERSONAL NAME
Personal name Slade , C. F
Relator term joint author.
700 1# - ADDED ENTRY--PERSONAL NAME
Personal name Smith, E. A.
Relator term joint author.
856 40 - ELECTRONIC LOCATION AND ACCESS
Uniform Resource Identifier <a href="https://fll.law.cu.edu.eg/fulltext/bks/B12-01784.pdf">https://fll.law.cu.edu.eg/fulltext/bks/B12-01784.pdf</a>
905 ## - Cataloger and Reviser Names
Cataloger Name: Basma Mohamed
942 ## - ADDED ENTRY ELEMENTS (KOHA)
Source of classification or shelving scheme Dewey Decimal Classification
Koha item type Books
Edition 21
Suppress in OPAC No
Holdings
Withdrawn status Lost status Source of classification or shelving scheme Damaged status Not for loan Collection Home library Current library Date acquired Total checkouts Full call number Barcode Date last seen Copy number Price effective from Koha item type
    Dewey Decimal Classification   Not for loan القانون الدولي الخاص جــــامعة القــاهرة مكتبة كلية الحقوق - المبنى الرئيسي 26.01.2026   Law1 12 341.9 AS . P 1962 1201784 C1 B12-01784 26.01.2026 1 26.01.2026 Books

© All rights reserved — Faculty of Law, Cairo University